000 01483nam a2200337 4500
001 174467
003 ES-MaACL
005 20230906215534.0
008 100426m19841989sp |||| |dspa d
020 _a84-249-0950-X
080 _a94(37)".../-0510"
080 _a94(37)"-0510/-0265"
100 1 _aDionisio de Halicarnaso.
_944855
245 1 0 _aHistoria antigua de Roma /
_cDionisio de Halicarnaso.
260 _aMadrid :
_bGredos,
_c1984-1989.
300 _a4 v. :
_bmapas ;
_c20 cm.
490 1 _aBiblioteca clásica Gredos ;
_v73-74, 123-124
500 _aÍndices de nombres.
504 _aBibliografía.
505 8 _aContiene: [1]. Libros I-III / introducción, Domingo Plácido ; traducción y notas de Elvira Jiménez y Ester Sánchez - [2]. Libros IV-VI / traducción y notas de Almudena Alonso y Carmen Seco - [3]. Libros VII-IX / traducción y notas de Almudena Alonso y Carmen Seco -­ [4]. Libros X, XI y fragmentos de los libros XII-XX / traducción y notas de Elvira Jiménez y Ester Sánchez
651 7 _aRoma-
_xHistoria-
_yHasta 510 a. C.
_99317
651 7 _aRoma-
_xHistoria-
_y510-265 a.C., República.
_9148997
700 1 _aPlácido, Domingo.
_992506
700 1 _aJiménez, Elvira.
_966403
700 1 _aSánchez, Ester.
_9102359
700 1 _aAlonso Miguel, Almudena.
_9142591
700 1 _aSeco, Carmen.
_9142589
830 1 _aBiblioteca clásica Gredos ;
_v73-74, 123-124
_9177556
852 4 _a BA
_jC-57137-40
999 _c174467
_d174467